| 000 | 00520nam a2200169Ia 4500 | ||
|---|---|---|---|
| 003 | GCL | ||
| 008 | 140319s9999 xx 000 0 ara d | ||
| 040 |
_aGCL / _cGCL |
||
| 082 | 0 | 4 |
_a301 _bم د |
| 100 | 1 | _aمحمد عاطف غيث | |
| 245 | 1 | 0 |
_aدراسات فى تاريخ التفكير واتجاهات النظرية فى علم الاجتماع / _cمحمد عاطف غيث |
| 300 | _a356 ص | ||
| 490 | _a | ||
| 650 | 0 | 4 | _aالاجتماع |
| 650 | 0 | 4 | _aعلم الاجتماع - مناهج |
| 942 |
_2ddc _cBK |
||
| 999 |
_c46015 _d46015 |
||